书目信息 |
| 题名: |
轻松愉快坐月子
|
|
| 作者: | 李力 主编 | |
| 分册: | ||
| 出版信息: | 北京 人民军医出版社 2002.02 |
|
| 页数: | 188页 | |
| 开本: | 20cm | |
| 丛书名: | 完全健康手册丛书 | |
| 单 册: | ||
| 中图分类: | R714.6 | |
| 科图分类: | ||
| 主题词: | 产科学 | |
| 电子资源: | ||
| ISBN: | 7-80157-392-7 | |
| 000 | 00604nam0 2200217 450 | |
| 001 | 0856907479 | |
| 005 | 20080611154959.91 | |
| 010 | @a7-80157-392-7@dCNY10.00 | |
| 100 | @a20080611d2002 km y0chiy0120 ea | |
| 101 | 0 | @achi |
| 102 | @aCN@b110000 | |
| 200 | 1 | @a轻松愉快坐月子@Aqing song yu kuai zuo yue zi@f李力主编@Fli li zhu bian |
| 210 | @a北京@c人民军医出版社@d2002.02 | |
| 215 | @a188页@d20cm | |
| 225 | 2 | @a完全健康手册丛书 |
| 410 | 0 | @12001 @a完全健康手册丛书 |
| 606 | 0 | @a产科学 |
| 690 | @aR714.6@v4 | |
| 701 | 0 | @a李力@Ali li@4主编 |
| 801 | 0 | @aCN@bNISOFT@c20080611 |
| 905 | @aBZT@dR714.6@e1 | |
| 轻松愉快坐月子/李力主编.-北京:人民军医出版社,2002.02 |
| 188页;20cm.-(完全健康手册丛书) |
| ISBN 7-80157-392-7:CNY10.00 |
| ● |
| 相关链接 |
|
|
|
正题名:轻松愉快坐月子
索取号:R714.6/1
 
预约/预借
| 序号 | 登录号 | 条形码 | 馆藏地/架位号 | 状态 | 备注 |
| 1 | 675737 | 2000675737 | 中心书库中库/ 中库012架B面5列6层47/ [索取号:R714.6/1] | 在馆 | |
| 2 | 675738 | 2000675738 | 中心书库中库/ 中库012架B面5列6层63/ [索取号:R714.6/1] | 在馆 | |
| 3 | 675739 | 2000675739 | 中心书库中库/ 中库012架B面5列6层62/ [索取号:R714.6/1] | 在馆 | |
| 4 | 675740 | 2000675740 | 中心书库中库/ 中库012架B面5列6层56/ [索取号:R714.6/1] | 在馆 | |
| 5 | 675741 | 2000675741 | 中心书库中库/ 中库012架B面5列6层61/ [索取号:R714.6/1] | 在馆 | |
| 6 | 675742 | 2000675742 | 中心书库中库/ 中库012架B面5列6层57/ [索取号:R714.6/1] | 在馆 | |
| 7 | 675743 | 2000675743 | 中心书库中库/ 中库012架B面5列6层58/ [索取号:R714.6/1] | 在馆 | |
| 8 | 675744 | 2000675744 | 中心书库中库/ 中库012架B面5列6层64/ [索取号:R714.6/1] | 在馆 | |
| 9 | 675745 | 2000675745 | 中心书库中库/ 中库012架B面5列6层59/ [索取号:R714.6/1] | 在馆 | |
| 10 | 675746 | 2000675746 | 中心书库中库/ 中库012架B面5列6层60/ [索取号:R714.6/1] | 在馆 |